The Countries of the World at Their Greatest Extent - Statistics

General Stats
  • This quiz has been taken 6 times
  • The average score is 6 of 91
Answer Stats
Greatest Extent Country % Correct
Japanese Empire Japan
100%
German Reich Germany
67%
Austrian Empire Austria
50%
Mexican Empire Mexico
50%
Roman Empire Italy
50%
Achaemenid Empire Iran
33%
Mongol Empire Mongolia
33%
Qing Dynasty China
33%
Belgian Empire Belgium
17%
Dutch Empire Netherlands
17%
French Empire France
17%
Gran Colombia Colombia
17%
Japanese Empire Japan
17%
Kalmar Union Denmark
17%
Khmer Empire Cambodia
17%
Kingdom of Armenia Armenia
17%
Kingdom of Norway Norway
17%
Lan Xang Laos
17%
1236 Georgia Georgia
0%
1301 Hungary Hungary
0%
1843 Haiti Haiti
0%
1860 Monaco Monaco
0%
1866 Bolivia Bolivia
0%
1877 Mauritius Mauritius
0%
1883 Chile Chile
0%
1883 Jamaica Jamaica
0%
1902 Cuba Cuba
0%
1905 Ecuador Ecuador
0%
1907 Nicaragua Nicaragua
0%
1921 Costa Rica Costa Rica
0%
1921 Ireland Ireland
0%
1940 Estonia Estonia
0%
1940 Latvia Latvia
0%
1943 Finland Finland
0%
1944 Australia Australia
0%
1961 New Zealand New Zealand
0%
1969 El Salvador El Salvador
0%
1973 Israel Israel
0%
1974 Comoros Comoros
0%
1976 Mauritania Mauritania
0%
1990 Ethiopia Ethiopia
0%
1990 Iraq Iraq
0%
1991 Brazil Brazil
0%
1995 Indonesia Indonesia
0%
2006 Canada Canada
0%
Almoravid Dynasty Morocco
0%
Azerbaijan DR Azerbaijan
0%
Basutoland Lesotho
0%
Belgian DR Congo DR Congo
0%
British Bahamas Bahamas
0%
British Nigeria Nigeria
0%
Captaincy General of Guatemala Guatemala
0%
Duchy of Luxembourg Luxembourg
0%
East African Protectorate Kenya
0%
Egyptian Khedivate Egypt
0%
Emirate of Transjordan Jordan
0%
First Bulgarian Empire Bulgaria
0%
French Congo R Congo
0%
French Gabon Gabon
0%
French Guinea Guinea
0%
French Ivory Coast Ivory Coast
0%
French Ubangi - French Shari Central African Republic
0%
German Kamerun Cameroon
0%
German Southwest Africa Namibia
0%
Goguryeo Koreas
0%
Gorkha Kingdom Nepal
0%
Grand Duchy of Lithuania Lithuania
0%
Hotaki Dynasty Afghanistan
0%
IS Croatia Croatia
0%
Italian Libya Libya
0%
Kingdom of Abhkazia Abhkazia
0%
Kingdom of Bohemia Czechia
0%
Kingdom of Bosnia Bosnia & Herzegovina
0%
Kingdom of Cyprus Cyprus
0%
Kingdom of Macedonia Greece
0%
Kyrgyz Khaganate Kyrgyzstan
0%
League of Prizren Albania
0%
Mali Federation Mali
0%
Mauryan Empire India
0%
Pala Empire Bangladesh
0%
Portugese Angola Angola
0%
Portugese Mozambique Mozambique
0%
Portugese Timor East Timor
0%
Principality of Moldavia Moldova
0%
Principality of Montenegro Montenegro
0%
Santo Domingo Dominican Republic
0%
Spanish E Guinea Equatorial Guinea
0%
Sultanate of Brunei Brunei
0%
Toungoo Myanmar
0%
Union of African States Ghana
0%
Viceroyalty of the Rio De La Plata Argentina
0%
No matching quizzes found
Score Distribution
Percent of People with Each Score
Percentile by Number Answered
Your Score History
You have not taken this quiz